[Event "Zvenigorodskaya Open A"]
[Site "Zvenigorod RUS"]
[Date "2008.09.30"]
[Round "9"]
[White "Deviatkin,A"]
[Black "Bocharov,D"]
[Result "0-1"]
[WhiteElo "2567"]
[BlackElo "2582"]

1.e4 d6 2.d4 Nf6 3.Nc3 c6 4.Nf3 Bg4 5.Be2 Nbd7 6.O-O e5 7.Be3 Be7 8.h3 Bxf3
9.Bxf3 O-O 10.a4 Re8 11.d5 a5 12.Re1 Rc8 13.Re2 Nb6 14.dxc6 bxc6 15.b3 d5
16.exd5 Nbxd5 17.Bd2 Bc5 18.Qe1 Qc7 19.Ne4 Nxe4 20.Bxe4 Bb6 21.Rd1 g6 22.Bc1 Rcd8
23.Bg5 Rd6 24.Red2 Rde6 25.Qf1 Nc3 26.Re1 Bd4 27.Bd3 Kg7 28.Bc4 Rd6 29.Rd3 Qb6
30.Kh1 e4 31.f3 f5 32.Bd2 Nd5 33.Bxa5 Qa7 34.Rdd1 Qxa5 35.Rxd4 Ne3 36.Rxe3 Rxd4
37.c3 Rd7 38.Qe1 Qe5 39.fxe4 fxe4 40.a5 Qxa5 41.Rxe4 Rxe4 42.Qxe4 Qxc3 43.Kh2 Qd4
44.Qe1 Qd6+ 45.Kg1 Qd1 46.Kf2 Qxe1+ 47.Kxe1 Rd4 48.Ke2 c5 49.g3 g5 50.Ke3 Kf6
51.Be2 Ke5 52.Bh5 h6 53.Bg6 Rd6 54.Bh5 Rb6 55.Bf7 h5 56.h4 gxh4 57.gxh4 Rb7
58.Bc4 Rg7 59.Be2 Rg3+ 60.Kd2 Rxb3 61.Bxh5 Rh3 62.Bg6 Kd4 63.h5 Rh2+ 64.Kd1 Kc3
65.Ke1 c4 66.Kf1 Rh4 67.Ke2 Kb2 68.Kf3 c3  0-1

[Event "58th TCh m 1st Div"]
[Site "Borovets BUL"]
[Date "2008.10.02"]
[Round "2"]
[White "Iotov,V"]
[Black "Janev,E"]
[Result "1-0"]
[WhiteElo "2532"]
[BlackElo "2491"]

1.d4 d6 2.e4 Nf6 3.Nc3 e5 4.Nf3 Nbd7 5.Bc4 Be7 6.O-O O-O 7.Re1 exd4 8.Nxd4 Nb6
9.Bf1 Re8 10.Bf4 Ng4 11.a4 a5 12.Qd2 Bh4 13.g3 Bf6 14.Rad1 Ne5 15.Bg2 Ng6
16.Be3 Nc4 17.Qe2 Nxe3 18.Qxe3 c6 19.h3 Ra6 20.Nb3 Qc7 21.Qd2 Rd8 22.f4 Rb6
23.Re3 Rb4 24.Rd3 Be7 25.Kh1 Nf8 26.Nd4 Rxb2 27.Nb3 Be6 28.Qc1 Rxb3 29.cxb3 Qc8
30.Ne2 Bxh3 31.Nd4 Bg4 32.Re1 Ne6 33.Nf5 Bxf5 34.exf5 Nc5 35.Rde3 Bf8 36.Qd2 d5
37.g4 d4 38.Rh3 d3 39.Be4 h6 40.Bxd3 Qd7 41.Ree3 Qd4 42.Ref3 Nxb3 43.Qg2 Nc5
44.Bf1 Qe4 45.g5 Qxf5 46.gxh6 g6 47.Qg5 Rd5 48.Bd3 Qe6 49.f5 Qd6 50.Qd2 gxf5
51.h7+ Kh8 52.Rfg3 Qxg3 53.Rxg3 Ne6 54.Qb2+ Bg7 55.Qxb7 Nd8 56.Qe7 Kxh7 57.Bxf5+ Rxf5
58.Qe4  1-0

[Event "ch-ESP KO"]
[Site "Ceuta ESP"]
[Date "2008.10.02"]
[Round "3.3"]
[White "Arizmendi Martinez,J"]
[Black "Teran Alvarez,I"]
[Result "1-0"]
[WhiteElo "2524"]
[BlackElo "2442"]

1.e4 d6 2.d4 Nf6 3.Nc3 e5 4.Nf3 Nbd7 5.Bc4 Be7 6.O-O O-O 7.Re1 c6 8.a4 b6
9.h3 a6 10.Ba2 Rb8 11.Qd3 b5 12.axb5 axb5 13.Ne2 c5 14.c3 cxd4 15.cxd4 exd4
16.Qxd4 Ne5 17.Nxe5 dxe5 18.Qxe5 Bd6 19.Qg5 Nxe4 20.Bxf7+ Kh8 21.Qxd8 Rxd8
22.Nd4 Bb7 23.Be3 b4 24.Rad1 Be5 25.f3 Nf6 26.Bf2 Bf4 27.Ne6 Rxd1 28.Rxd1 Be5
29.Bd4 Bg3 30.Bf2 Be5 31.b3 h6 32.Nc5 Bc6 33.Na6 Rf8 34.Bc4 Bc3 35.Bc5 Re8
36.Bxb4 Bb2 37.Nc7 Rc8 38.Ne6 Bd7 39.Nf4 Bf5 40.Kf2 Be5 41.Ne2 Ra8 42.Bc3 Bc7
43.Ra1 Rd8 44.g4 Bb6+ 45.Kg2 Bc8 46.Ra8 h5 47.Nf4 hxg4 48.hxg4 Nxg4 49.Ne6 Ne3+
50.Kg3 Re8 51.Nxg7 Rg8 52.Bxg8  1-0

[Event "YUURGU-65 GM"]
[Site "Chelyabinsk RUS"]
[Date "2008.10.02"]
[Round "1"]
[White "Khruschiov,A"]
[Black "Yatsenko,A"]
[Result "1/2-1/2"]
[WhiteElo "2499"]
[BlackElo "2469"]

1.d4 d6 2.e4 Nf6 3.Nc3 e5 4.Nf3 Nbd7 5.Bc4 Be7 6.O-O c6 7.a4 O-O 8.Re1 Rb8
9.b3 b6 10.Bb2 a6 11.Qd2 Qc7 12.Bd3 Re8 13.Ne2 Bf8 14.Ng3 g6 15.c4 a5 16.d5 Nc5
17.Bc2 Bd7 18.dxc6 Bxc6 19.h3 Rbd8 20.Nh2 Bg7 21.Rad1 Qb7 22.f3 Ne6 23.Ne2 Nd7
24.Ng4 Ndc5 25.Ne3 Rf8 26.Nd5 f5 27.exf5 gxf5 28.Ng3 f4 29.Ne4 Kh8 30.Bb1 Bxd5
31.cxd5 Nxe4 32.Rxe4 Nc5 33.Rc4 Rf7 34.b4 axb4 35.Rxb4 Qa7 36.Kh1 Rg8 37.Qc2 Bf6
38.Rd2 Ra8 39.Rc4 Kg8 40.Ba3 Bd8 41.g3 Qd7 42.Bxc5 bxc5 43.g4 Ba5 44.Rg2 Bb4
45.Kh2 Qxa4 46.Qe4 Qd1 47.Rxb4 cxb4 48.g5 Kh8 49.g6 Rg7 50.Qxb4 Qxf3 51.Qxd6 Qf1
52.Rb2 Re8 53.Rb8 Qf2+ 54.Kh1 Qf3+ 55.Kg1 Qg3+ 56.Kf1 Qxh3+ 57.Ke1 Qh4+ 58.Kd2 Qe7
59.Rxe8+ Qxe8 60.Qf6 Qb8 61.d6 Qb4+ 62.Kc1 Qa3+ 63.Kd1 Qa4+ 64.Bc2 Qa1+ 65.Kd2 Qd4+
66.Kc1 Qg1+ 67.Kb2 Qd4+ 68.Kc1 Qa1+ 69.Kd2 Qa5+ 70.Kc1 Qe1+ 71.Kb2 hxg6 72.d7 Qb4+
73.Kc1 Qa3+ 74.Kb1  1/2-1/2

[Event "ch-Commonwealth"]
[Site "Nagpur IND"]
[Date "2008.10.02"]
[Round "6"]
[White "Ashwin,J"]
[Black "Murali Krishnan,B"]
[Result "0-1"]
[WhiteElo "2436"]
[BlackElo "2412"]

1.e4 d6 2.d4 Nf6 3.Nc3 e5 4.Nge2 Nc6 5.f3 Be7 6.Be3 O-O 7.d5 Nb8 8.Qd2 c6
9.O-O-O a5 10.g4 a4 11.Ng3 a3 12.b3 Na6 13.h4 Nb4 14.Kb1 cxd5 15.exd5 Ra5
16.Bc4 b5 17.Nxb5 Nbxd5 18.Bxd5 Rxb5 19.Bc4 Rb8 20.g5 Ne8 21.g6 Be6 22.gxf7+ Bxf7
23.Bxf7+ Rxf7 24.Ne4 Qc8 25.Ng5 Bxg5 26.hxg5 Qf5 27.Rdg1 g6 28.Rf1 Rc8 29.f4 d5
30.Qd3 e4 31.Qa6 Nc7 32.Qa5 Qd7 33.Rd1 Qc6 34.Rc1 Rd7 35.Rhd1 Nb5 36.c4 dxc4
37.Rxc4 Rxd1+ 38.Kc2 Rd3 39.Rxc6 Rxc6+ 40.Kb1 Rd1+  0-1

[Event "ch-Commonwealth"]
[Site "Nagpur IND"]
[Date "2008.10.02"]
[Round "6"]
[White "Nandhidhaa,P"]
[Black "Devesh,M"]
[Result "0-1"]
[WhiteElo "1797"]
[BlackElo "2004"]

1.e4 d6 2.d4 Nf6 3.Nc3 Nbd7 4.Nf3 e5 5.Bc4 Be7 6.O-O O-O 7.Qe2 c6 8.Bg5 b5
9.Bd3 Qc7 10.a3 a6 11.Nh4 exd4 12.Nf5 Nb6 13.Nxd4 c5 14.e5 dxe5 15.Nf5 Bxf5
16.Bxf5 Nfd5 17.Ne4 Bxg5 18.Nxg5 g6 19.Be4 Qe7 20.Nf3 Nf4 21.Qe3 Nc4 22.Qe1 Rad8
23.g3 Nh3+ 24.Kg2 Ng5 25.Nxg5 Qxg5 26.b3 Nd2 27.Rh1 f5 28.Bb7 Qe7 29.Bxa6 Qa7
30.Kh3 Nf3 31.Qe3 Nd4 32.c3 f4 33.Qd3 Qxa6 34.cxd4 Qe6+ 35.g4 Rxd4 36.Qxb5 h5
37.f3 hxg4+ 38.fxg4 Kg7 39.Qb7+ Kf6 40.Qf3 Kg5 41.Kg2 Qxg4+ 42.Qxg4+ Kxg4
43.h3+ Kf5 44.Kf2 Rfd8 45.Rae1 Rd2+ 46.Re2 e4 47.Re1 f3 48.Rxd2 Rxd2+ 49.Kf1 Kf4
50.a4 Kg3 51.a5 Rf2+ 52.Kg1 Ra2 53.Kf1 Rh2 54.Kg1 f2+  0-1

[Event "Tatry Open"]
[Site "Tatranske Zruby SVK"]
[Date "2008.10.02"]
[Round "7"]
[White "Justus,I"]
[Black "Zadrapa,R"]
[Result "1-0"]
[WhiteElo "2161"]
[BlackElo "2075"]

1.e4 d6 2.d4 Nf6 3.Nc3 c6 4.f3 g6 5.Be3 Bg7 6.Qd2 b5 7.Bh6 O-O 8.O-O-O b4
9.Nce2 Bxh6 10.Qxh6 Qa5 11.Kb1 Be6 12.Nc1 Nbd7 13.Nge2 Qb6 14.Nf4 Rfc8 15.h4 Nf8
16.h5 Bd7 17.g4 Be8 18.g5 N6d7 19.Bc4 d5 20.exd5 cxd5 21.Bxd5 e6 22.hxg6 exd5
23.Nxd5 Qe6 24.Nf6+ Nxf6 25.gxf6 Qxf6 26.gxh7+ Nxh7 27.Rdg1+  1-0

[Event "ch-Commonwealth"]
[Site "Nagpur IND"]
[Date "2008.10.03"]
[Round "7"]
[White "Bhagwat,V"]
[Black "Akshayraj,K"]
[Result "1/2-1/2"]
[WhiteElo "2187"]
[BlackElo "2392"]

1.d4 d6 2.e4 Nf6 3.Nc3 c6 4.h3 Qa5 5.Qf3 e5 6.dxe5 dxe5 7.Bc4 b5 8.Bb3 Nbd7
9.Bg5 Be7 10.Bd2 Qc7 11.Nge2 Nc5 12.Ng3 O-O 13.O-O a5 14.a3 Ne6 15.Bxe6 fxe6
16.Nh5 Ba6 17.Rfe1 Bc5 18.Be3 Nd5 19.Qg4 Nxe3 20.fxe3 Kh8 21.Nd1 Rad8 22.Nf2 Ba7
23.Red1 Rxd1+ 24.Nxd1 g6 25.Ng3 Qd6 26.Nf1 b4 27.axb4 Rf4 28.Qg5 Bxf1 29.Nf2 Rxf2
30.Kxf2 Bc4 31.Kg1 Qd2 32.Qg3 axb4 33.b3 Bb5 34.Qxe5+ Kg8 35.Qxe6+ Kg7 36.Qe7+ Kh6
37.Qf8+ Kh5 38.Qf3+ Kh6 39.Qf8+ Kh5 40.Qf3+ Kh6 41.Qf8+  1/2-1/2

[Event "ch-Commonwealth"]
[Site "Nagpur IND"]
[Date "2008.10.03"]
[Round "8"]
[White "Hossain,Enam"]
[Black "Murali Krishnan,B"]
[Result "1-0"]
[WhiteElo "2489"]
[BlackElo "2412"]

1.e4 d6 2.d4 Nf6 3.Nc3 e5 4.Nf3 Nbd7 5.Bc4 Be7 6.O-O O-O 7.a4 c6 8.Re1 b6
9.Ba2 a6 10.h3 Bb7 11.Nh4 Re8 12.Nf5 Bf8 13.Bg5 b5 14.d5 h6 15.dxc6 Bxc6
16.Nxd6 Bxd6 17.Qxd6 hxg5 18.Qxc6 b4 19.Nd5 Rc8 20.Qxa6 Rxc2 21.Rec1 Rxb2
22.Rc8 Qxc8 23.Ne7+ Rxe7 24.Qxc8+ Kh7 25.Qc1 Re2 26.Bc4 Rxe4 27.Bd3 Kg8 28.Bxe4 Nxe4
29.Qc8+  1-0

[Event "Bundesliga 2008-9"]
[Site "Trier GER"]
[Date "2008.10.03"]
[Round "7"]
[White "Gharamian,T"]
[Black "Cyborowski,L"]
[Result "1/2-1/2"]
[WhiteElo "2555"]
[BlackElo "2504"]

1.e4 d6 2.d4 Nf6 3.Nc3 e5 4.dxe5 dxe5 5.Qxd8+ Kxd8 6.Bg5 Be6 7.O-O-O+ Nd7
8.f4 exf4 9.Nf3 h6 10.Bxf4 Bc5 11.h3 Nh5 12.Bh2 Be3+ 13.Kb1 Bf4 14.g4 Bxh2
15.Rxh2 Nf4 16.Rhd2 Ng6 17.Nb5  1/2-1/2

[Event "1st WMSG Blitz Ind"]
[Site "Beijing CHN"]
[Date "2008.10.04"]
[Round "3"]
[White "Paragua,M"]
[Black "Akobian,V"]
[Result "1-0"]
[WhiteElo "2526"]
[BlackElo "2606"]

1.e4 d6 2.d4 Nf6 3.Nc3 c6 4.g3 Qc7 5.Bg2 e5 6.Nge2 Bg4 7.O-O Nbd7 8.a4 Be7
9.Be3 O-O 10.h3 Bh5 11.g4 Bg6 12.Ng3 Rfe8 13.g5 Nxe4 14.Ncxe4 d5 15.Nc3 exd4
16.Bxd4 Bxg5 17.Qg4 Bf6 18.Rae1 Bxc2 19.Rc1 Be4 20.Ncxe4 Bxd4 21.Ng5 Bxb2
22.Bxd5 Nf6 23.Qh4 Rf8 24.Rc2 Be5 25.Ba2 h6 26.Nf3 Rad8 27.Nf5 Bf4 28.Re1 Rfe8
29.Rce2 Rxe2 30.Rxe2 Nd5 31.Bxd5 cxd5 32.Qg4 g6 33.N5d4 h5 34.Qh4 Bd6 35.Qf6 Bf8
36.Ne5 Bg7 37.Qf4 Re8 38.Nxg6  1-0

[Event "1st WMSG Blitz Ind"]
[Site "Beijing CHN"]
[Date "2008.10.04"]
[Round "6"]
[White "Livshits,G"]
[Black "Aveskulov,V"]
[Result "1-0"]
[WhiteElo "2427"]
[BlackElo "2544"]

1.e4 d6 2.d4 Nf6 3.Nc3 e5 4.Nf3 Nbd7 5.Bc4 Be7 6.O-O O-O 7.Re1 c6 8.a4 a5
9.b3 h6 10.Ba3 Re8 11.h3 Qc7 12.Qd2 Nf8 13.Rad1 Ng6 14.dxe5 dxe5 15.Bxe7 Qxe7
16.Qd6 Be6 17.Bxe6 Qxe6 18.Qxe6 Rxe6 19.Rd2 Ree8 20.Red1 Rac8 21.Nh2 Nf4
22.Nf1 Ne6 23.Ne3 b5 24.f3 Nd4 25.Nf5 b4 26.Ne2 Nxf5 27.exf5 Nd5 28.Kf2 Kf8
29.Ng3 Nc3 30.Re1 Rcd8 31.Rxd8 Rxd8 32.Rxe5 Rd2+ 33.Kg1 Nd5 34.Re2 Rd1+ 35.Kh2 Nf4
36.Rf2 Ke7 37.Ne4 Nd5 38.Re2 Kd7 39.Kg3 Kc7 40.Kf2 Rc1 41.Rd2 f6 42.Nc5 Kd6
43.Ne6 g5 44.Nd8 h5 45.Nb7+ Ke5 46.Nxa5 Kd6 47.Nc4+ Kc5 48.Nb2 Kb6 49.Nd3 Ra1
50.Re2 h4 51.f4 gxf4 52.Re4 Ra2 53.Nxb4 Kc5 54.Rc4+ Kd6 55.Nd3 Ne3 56.Rxf4 Nxc2
57.Kf3 Ra3 58.Nc1 Ra1 59.Ne2 Ne1+ 60.Kg4 Nxg2 61.Rf3 Re1 62.Nf4 Ne3+ 63.Kxh4 Nxf5+
64.Kg4 Nd4 65.Rd3 Kc5 66.h4 Rg1+ 67.Kh5 Nf3 68.Rxf3  1-0

[Event "58th TCh m 1st Div"]
[Site "Borovets BUL"]
[Date "2008.10.04"]
[Round "4"]
[White "Angelov,A"]
[Black "Panajotov,J"]
[Result "1-0"]
[WhiteElo "2216"]
[BlackElo "2214"]

1.e4 d6 2.d4 Nf6 3.Nc3 c6 4.f4 Qa5 5.Bd3 e5 6.dxe5 dxe5 7.f5 Nbd7 8.Qe2 b5
9.Bd2 Qb6 10.Nf3 a5 11.a4 b4 12.Be3 Bc5 13.Nd1 O-O 14.Nd2 Ba6 15.Bxa6 Qxa6
16.Qxa6 Rxa6 17.Ke2 Rd8 18.Nf2 Bxe3 19.Kxe3 Nb6 20.c3 Ra7 21.cxb4 Rad7 22.bxa5 Rxd2
23.axb6 Ng4+ 24.Kf3 Nxf2 25.Rhe1 Nd1 26.Ra3 Nxb2 27.Rb1 Nc4 28.Rc3 Na5 29.b7 Rb8
30.Rc5 Rdd8 31.Rxa5 f6 32.Ra6 Rd7 33.Rab6  1-0

[Event "58th TCh m 1st Div"]
[Site "Borovets BUL"]
[Date "2008.10.04"]
[Round "4"]
[White "Bojkov,D"]
[Black "Nevednichy,V"]
[Result "1/2-1/2"]
[WhiteElo "2472"]
[BlackElo "2583"]

1.e4 d6 2.d4 Nf6 3.Nc3 e5 4.dxe5 dxe5 5.Qxd8+ Kxd8 6.Bc4 Be6 7.Bxe6 fxe6
8.f3 Bd6 9.Be3 Ke7 10.Nh3 a6 11.Nf2 h6 12.Nb1 Nfd7 13.Nd2 b5 14.Ke2 c5 15.c3 Nc6
16.Rhc1 Rhc8 17.Nd3 c4 18.Nf2 Bc5 19.Nf1 Bxe3 20.Nxe3 Nc5 21.Rd1 Rd8 22.Rxd8 Rxd8
23.Rd1 Rc8 24.Kd2 Rc7 25.Kc2 Rc8 26.Rd2 Na4 27.Rd1 Nc5 28.Ra1 Na4 29.Rd1 Nc5
30.Rd2 Na4 31.Rd1 Nc5  1/2-1/2

[Event "ch-ESP KO"]
[Site "Ceuta ESP"]
[Date "2008.10.04"]
[Round "4.5"]
[White "Larino Nieto,D"]
[Black "Arizmendi Martinez,J"]
[Result "1-0"]
[WhiteElo "2426"]
[BlackElo "2524"]

1.e4 d6 2.d4 Nf6 3.Nc3 c6 4.Nge2 Nbd7 5.g3 e5 6.Bg2 b5 7.a3 a6 8.O-O Bb7
9.h3 Be7 10.Be3 O-O 11.g4 g6 12.Ng3 exd4 13.Qxd4 Ne5 14.b3 c5 15.Qd2 Nc6
16.Rad1 Re8 17.Qc1 Nd7 18.Nd5 a5 19.Bh6 Bf8 20.Bxf8 Rxf8 21.c3 b4 22.axb4 axb4
23.cxb4 Nd4 24.bxc5 Bxd5 25.Rxd4 Bxb3 26.Rxd6 Qc7 27.Rd3 Nxc5 28.Rxb3  1-0

[Event "Chigorin Memorial"]
[Site "St Petersburg RUS"]
[Date "2008.10.04"]
[Round "1"]
[White "Frolochkin,V"]
[Black "Androsov,S"]
[Result "1-0"]
[WhiteElo "2323"]
[BlackElo "2078"]

1.e4 d6 2.d4 Nf6 3.Nc3 Nbd7 4.Bc4 e5 5.Nf3 Be7 6.O-O O-O 7.Re1 c6 8.a4 exd4
9.Nxd4 Ne5 10.Ba2 c5 11.Nf5 Bxf5 12.exf5 Qd7 13.f4 Nc6 14.g4 Rae8 15.Bc4 Bd8
16.Be3 Nd4 17.Bf1 a6 18.Bg2 d5 19.h3 Nxf5 20.Bxc5 Rxe1+ 21.Qxe1 Re8 22.Qf2 Nd6
23.Bd4 Nde4 24.Qf3 Nxc3 25.Qxc3 Ne4 26.Qd3 Qc6 27.b3 Bb6 28.Bxb6 Qxb6+ 29.Kh2 Nf6
30.Rd1 Re3 31.Qd4 Qe6 32.Rd2 h6 33.Kg1 Re2 34.Kf1 Rxd2 35.Qxd2 Ne4 36.Qe3 Qf6
37.Ke2 Nc3+ 38.Kd2 d4 39.Qe5 Qd8 40.Bxb7 Na2 41.Bxa6 Nb4 42.Bc4 Nc6 43.Qf5 Qe7
44.Qc8+ Nd8 45.Kc1 Kh7 46.Qf5+ g6 47.Qe5 Qd7 48.a5 Nc6 49.Qd5 Qxd5 50.Bxd5 Nxa5
51.b4  1-0

[Event "Chigorin Memorial"]
[Site "St Petersburg RUS"]
[Date "2008.10.04"]
[Round "1"]
[White "Savchenko,B"]
[Black "Konenkin,D"]
[Result "1-0"]
[WhiteElo "2648"]
[BlackElo "2296"]

1.e4 d6 2.d4 Nf6 3.Nc3 e5 4.Nf3 Nbd7 5.Bc4 Be7 6.O-O O-O 7.a4 c6 8.Ba2 b6
9.Qe2 a6 10.d5 cxd5 11.Nxd5 Bb7 12.Rd1 Nxd5 13.Bxd5 Bxd5 14.exd5 Qc7 15.Ne1 Rfc8
16.b3 Nc5 17.Ba3 Qb7 18.Bb4 Bf6 19.a5 b5 20.Rac1 Bg5 21.Rb1 Qc7 22.c3 Qd7
23.Nd3 Nxd3 24.Qxd3 Ra7 25.Rb2 Rac7 26.Rc2 f5 27.g3 Bf6 28.Rdc1 Bg5 29.Rb1 Bf6
30.Qe3 e4 31.Rbc1 Be5 32.c4 bxc4 33.Rxc4 Rxc4 34.bxc4 Qa4 35.Qb6 Rxc4 36.Rxc4 Qd1+
37.Be1 Qxe1+ 38.Kg2 Qd1 39.Qe3 h6 40.Rc6 Qxd5 41.Rxa6 Bd4 42.Qe2 Kh7 43.Qd1 e3+
44.Qf3 Qb5 45.Rxd6 e2 46.Re6  1-0

[Event "4NCL 2008-9"]
[Site "Sunningdale ENG"]
[Date "2008.10.04"]
[Round "1"]
[White "Shaw,J"]
[Black "Curtis,J ENG"]
[Result "1-0"]
[WhiteElo "2469"]
[BlackElo "2122"]

1.e4 d6 2.d4 Nf6 3.Nc3 e5 4.Nge2 Be7 5.g3 exd4 6.Nxd4 d5 7.e5 Ng4 8.Bg2 c6
9.f4 O-O 10.h3 Nh6 11.O-O f5 12.Be3 Na6 13.Nb3 Be6 14.Qd2 Nc7 15.Rad1 Bf7
16.Na5 Bh5 17.Nxb7 Qb8 18.Na5 Qe8 19.Nxc6  1-0

[Event "Tatry Open"]
[Site "Tatranske Zruby SVK"]
[Date "2008.10.04"]
[Round "9"]
[White "Vojtek,V"]
[Black "Kleman,M"]
[Result "1-0"]
[WhiteElo "2301"]
[BlackElo "2147"]

1.e4 d6 2.d4 Nf6 3.Nc3 e5 4.Nf3 Nbd7 5.Bc4 Be7 6.h3 c6 7.a4 O-O 8.dxe5 Nxe5
9.Bb3 Be6 10.Nxe5 dxe5 11.Bxe6 Qxd1+ 12.Nxd1 fxe6 13.f3 Bc5 14.Be3 Bd6 15.Nf2 Bc7
16.Ke2 Nh5 17.Rhd1 b6 18.Rd7 Rf7 19.Rad1 Nf6 20.R7d3 Rc8 21.b3 Kf8 22.Bc1 Ke8
23.Ng4 Nxg4 24.hxg4 h6 25.g5 h5 26.g6 Rf6 27.Rh1 Rxg6 28.Rxh5 Rd8 29.Rxd8+ Kxd8
30.g4 Ke7 31.Rh8 Bd8 32.Bb2 Rg5 33.Kd3 Kd7 34.b4 a5 35.bxa5 bxa5 36.Bc3 Rg6
37.Bxe5 Bf6 38.Rh5 Be7 39.Bc3 c5 40.Rh7 Bf8 41.Bxa5 Rf6 42.Ke2 Kc6 43.Bc3 Rf7
44.g5 Ra7 45.a5 Kb5 46.g6 Kc4 47.Be5 Kb5 48.Rh8  1-0

[Event "Bundesliga 2008-9"]
[Site "Trier GER"]
[Date "2008.10.04"]
[Round "1"]
[White "Shirov,A"]
[Black "Cyborowski,L"]
[Result "1-0"]
[WhiteElo "2726"]
[BlackElo "2504"]

1.e4 d6 2.d4 Nf6 3.Nc3 e5 4.Nf3 Nbd7 5.g4 Nxg4 6.Rg1 Ngf6 7.Bc4 h6 8.Be3 Nb6
9.Bb3 exd4 10.Qxd4 Bg4 11.Rg3 c5 12.Qd3 Rc8 13.e5 dxe5 14.Nxe5 Bh5 15.Qf5 Bd6
16.Ne4 Qe7 17.Nxd6+ Qxd6 18.Rxg7 Rc7 19.Bxf7+ Bxf7 20.Rd1 Nbd5 21.Nxf7 Qxh2
22.Nxh8 Rxg7 23.Qc8+  1-0

[Event "Bundesliga 2008-9"]
[Site "Bremen GER"]
[Date "2008.10.05"]
[Round "2"]
[White "Hector,J"]
[Black "Maiwald,JU"]
[Result "1-0"]
[WhiteElo "2551"]
[BlackElo "2508"]

1.e4 d6 2.d4 Nf6 3.Nc3 e5 4.Nf3 Nbd7 5.g4 d5 6.dxe5 Nxe4 7.Qxd5 Nxc3 8.bxc3 c6
9.Qd4 Qa5 10.Bc4 Nb6 11.e6 Bxe6 12.Bxe6 fxe6 13.O-O Qd5 14.Qxd5 exd5 15.Re1+ Kf7
16.Rb1 Bd6 17.Ng5+ Kg8 18.a4 h6 19.Nf3 Nxa4 20.Rxb7 Nc5 21.Rb1 Ne4 22.Nd4 h5
23.g5 Bc5 24.Rb7 Kh7 25.Ne6 Bxf2+ 26.Kg2 Rhe8 27.Rxe4 dxe4 28.Rxg7+ Kh8 29.Rg6 Be1
30.Nc7 Bxc3 31.Nxa8 e3 32.Bxe3 Rxe3 33.Rxc6 Be5 34.c4 h4 35.Nc7 h3+ 36.Kf2 Re4
37.Ne6 Rg4 38.Kf3 Rg2 39.Ke4 Bxh2 40.Kf5 Kh7 41.g6+ Kh6 42.g7 Kh7 43.Rc8 Rxg7
44.Nxg7 Bd6 45.Nh5  1-0

[Event "Chigorin Memorial"]
[Site "St Petersburg RUS"]
[Date "2008.10.05"]
[Round "2"]
[White "Shlakich,A"]
[Black "Bagrunov,V"]
[Result "1-0"]
[WhiteElo "2203"]
[BlackElo "2020"]

1.e4 d6 2.d4 Nf6 3.Nc3 e5 4.Nf3 Nbd7 5.Bc4 Be7 6.O-O O-O 7.Re1 c6 8.a4 exd4
9.Nxd4 Ne5 10.Ba2 c5 11.Nde2 Ne8 12.Nd5 Kh8 13.Nec3 Ng6 14.Bc4 Bg5 15.f4 Bh4
16.g3 Be7 17.b3 Nf6 18.Bb2 Bg4 19.Be2 Bxe2 20.Qxe2 Qd7 21.Rad1 Rae8 22.Qg2 Qc6
23.Nb5 a6 24.Nxe7 Rxe7 25.Bxf6 gxf6 26.Nxd6 Nxf4 27.Qf1 Nh5 28.Rd5 Re6 29.Rxh5 Qxd6
30.Qf5 Qd4+ 31.Kh1  1-0

[Event "Chigorin Memorial"]
[Site "St Petersburg RUS"]
[Date "2008.10.05"]
[Round "3"]
[White "Sokolova,V"]
[Black "Konenkin,D"]
[Result "1/2-1/2"]
[WhiteElo "2105"]
[BlackElo "2296"]

1.e4 d6 2.d4 Nf6 3.Nc3 e5 4.dxe5 dxe5 5.Qxd8+ Kxd8 6.Bc4 Be6 7.Bxe6 fxe6
8.f3 Nc6 9.Be3 Bd6 10.O-O-O Ke7 11.Nh3 a6 12.Na4 h6 13.Nf2 Nd7 14.Nd3 b6
15.Kb1 Na5 16.b3 Nb7 17.Bf2 b5 18.Nab2 c5 19.c4 Rhd8 20.Bh4+ g5 21.Bg3 Na5
22.h4 Rh8 23.Rh2 Rag8 24.hxg5 hxg5 25.Rdh1 Rxh2 26.Rxh2  1/2-1/2

[Event "ch-Commonwealth"]
[Site "Nagpur IND"]
[Date "2008.10.06"]
[Round "11"]
[White "Das,Debas"]
[Black "Akshayraj,K"]
[Result "1/2-1/2"]
[WhiteElo "2118"]
[BlackElo "2392"]

1.e4 d6 2.d4 Nf6 3.Nc3 c6 4.Be3 Nbd7 5.g4 h6 6.Bg2 e5 7.h3 b5 8.a3 Bb7 9.Nge2 a6
10.O-O Qc7 11.Ng3 h5 12.gxh5 exd4 13.Bxd4 c5 14.Be3 Be7 15.Nf5 Bf8 16.Ng3 Be7
17.Nd5 Nxd5 18.exd5 O-O-O 19.c3 Nb6 20.Qg4+ Kb8 21.Rad1 g6 22.hxg6 Bc8 23.Qe4 fxg6
24.Rfe1 Bf6 25.b4 cxb4 26.cxb4 Nc4 27.Bd4 Rh4 28.Bxf6 Rxe4 29.Nxe4 Rf8 30.Bd4 Re8
31.Nf6 Rxe1+ 32.Rxe1 Nxa3 33.Ne8 Qc4 34.Nxd6 Qxd4 35.Re8 Kc7 36.Nxc8 Kd7
37.Rg8 Qa1+ 38.Kh2 Qf6 39.Na7 Qxf2 40.Rg7+ Kd6 41.Rxg6+ Kd7 42.d6 Qf4+ 43.Kh1 Qc1+  1/2-1/2

[Event "ch-Commonwealth"]
[Site "Nagpur IND"]
[Date "2008.10.06"]
[Round "11"]
[White "Srivastava,VK"]
[Black "Mitali,M"]
[Result "1/2-1/2"]
[WhiteElo "1891"]
[BlackElo "1957"]

1.e4 d6 2.d4 Nf6 3.Nc3 e5 4.dxe5 dxe5 5.Qxd8+ Kxd8 6.Bg5 Be6 7.Nf3 Bd6 8.O-O-O Nd7
9.h3 h6 10.Be3 Ke7 11.a3 c6 12.Bd3 b5 13.g4 Ne8 14.Nh4 g6 15.Ng2 b4 16.axb4 Bxb4
17.f4 Bxc3 18.bxc3 f6 19.Rdf1 Nd6 20.Nh4 Bf7 21.Nf3 g5 22.fxe5 Nxe5 23.Nd4 h5
24.gxh5 Rxh5 25.Be2 Rh7 26.Nf5+ Nxf5 27.exf5 Bd5 28.Rh2 a5 29.Re1 Rah8 30.Bb6 Rxh3
31.Rxh3 Rxh3 32.Bxa5 Kf7 33.Bb4 g4 34.Kb2 Bc4  1/2-1/2

[Event "Chigorin Memorial"]
[Site "St Petersburg RUS"]
[Date "2008.10.06"]
[Round "4"]
[White "Fedoseev,S"]
[Black "Bagrunov,V"]
[Result "1-0"]
[WhiteElo "2193"]
[BlackElo "2020"]

1.e4 d6 2.d4 Nf6 3.Nc3 e5 4.Nf3 exd4 5.Nxd4 Nc6 6.Nxc6 bxc6 7.Bc4 Be7 8.O-O O-O
9.Bf4 Rb8 10.Bb3 c5 11.e5 Ne8 12.Qe2 Bb7 13.Rad1 Kh8 14.Qh5 f6 15.exd6 cxd6
16.Nd5 f5 17.Nxe7 Qxe7 18.Rfe1 Qc7 19.c4 Qc6 20.f3 Rf6 21.Re7 Rd8 22.Rde1 Rg6
23.R1e2 Bc8 24.Qh4 Nf6 25.Qe1 h6 26.Kh1 Bb7 27.Rf2 Re8 28.Rxe8+ Nxe8 29.Bc2 Rf6
30.Re2 Nc7 31.Re7 Bc8 32.Qg3 Ne8 33.Qe1 Bd7 34.Qc3 Be6 35.Qe1 Bf7 36.Qa5 Bxc4
37.Ba4  1-0

[Event "Chigorin Memorial"]
[Site "St Petersburg RUS"]
[Date "2008.10.07"]
[Round "5"]
[White "Barhudarian,R"]
[Black "Prelovskij,R"]
[Result "1/2-1/2"]
[WhiteElo "2327"]
[BlackElo "2137"]

1.Nc3 Nf6 2.d4 d6 3.e4 c6 4.Nf3 Bg4 5.a4 Nbd7 6.Be3 e5 7.Bc4 Be7 8.O-O O-O
9.h3 Bh5 10.Be2 Bg6 11.Nd2 Re8 12.f4 exf4 13.Bxf4 Bf8 14.Bd3 a6 15.a5 b5
16.axb6 Qxb6 17.Nc4 Qa7 18.Kh1 d5 19.exd5 Nxd5 20.Nxd5 cxd5 21.Ne3 Qb7 22.b3 Nf6
23.Be5 Ne4 24.Bxe4 Bxe4 25.Qg4 Re6 26.Rf6 Rxf6 27.Bxf6 Qc6 28.Rf1 Re8 29.Be5 Re6
30.Rf2 Rg6 31.Qf4 f6 32.c4 Qc8 33.Kh2 Qd7 34.Bb8 Rg5 35.cxd5 Bxd5 36.Rc2 Bxb3
37.Rc3 Rb5 38.Ng4 Rxb8 39.Qxb8 Qd6+ 40.Qxd6 Bxd6+ 41.Kg1 Bd5 42.Ne3 Be4 43.Kf2 f5
44.g3 g5 45.d5 a5 46.Rc6 Be5 47.Re6 Bd4 48.d6 Bc6 49.Ke2 f4 50.gxf4 gxf4
51.Nf5 f3+ 52.Kd2 f2 53.Ng3 Bb5 54.Re4 Bc5 55.Re6 a4 56.Nf1 Kf7 57.Re7+ Kf8
58.Re5 Bb4+ 59.Ke3 Bxf1 60.d7 Be7 61.Rf5+ Kg7 62.Rxf2 Bxh3 63.Rd2 Bd8 64.Rd4 a3
65.Ra4 Kf7 66.Rxa3 h5 67.Kf4 Be6 68.Ra8 Ke7 69.Ra6 Bg4 70.Ra7 Ke6 71.Rb7 Kd6
72.Kg3 Kc6 73.Rb4 Be6 74.Re4 Bd5 75.Rd4 Be6 76.Re4 Bf5 77.Rf4 Bxd7 78.Rd4 Bc7+
79.Kh4 Be8 80.Rd1 Bd6 81.Re1 Bf7 82.Kg5 Kd7 83.Rd1 Ke6 84.Re1+ Kd7 85.Rd1 Be8
86.Rd2 Kc7 87.Re2 Bf7 88.Rc2+ Kd7 89.Rd2 Ke7 90.Rf2  1/2-1/2

[Event "1st WMSG Blitz Pair"]
[Site "Beijing CHN"]
[Date "2008.10.08"]
[Round "8"]
[White "Pruess,D"]
[Black "Matamoros Franco,C"]
[Result "1/2-1/2"]
[WhiteElo "2422"]
[BlackElo "2525"]

1.e4 d6 2.d4 Nf6 3.Nc3 e5 4.Nf3 Nbd7 5.Bc4 Be7 6.O-O O-O 7.Re1 c6 8.a4 b6
9.d5 cxd5 10.Nxd5 Bb7 11.Bg5 Rc8 12.Bxf6 Nxf6 13.Nxf6+ Bxf6 14.Qd3 Qc7 15.Bb3 Rfd8
16.Rad1 Qe7 17.g3 Rc5 18.h4 Bc6 19.Nd2 Qe8 20.Nc4 d5 21.exd5 Rcxd5 22.Qe2 Rxd1
23.Rxd1 Rxd1+ 24.Qxd1 Qd7 25.Qxd7 Bxd7 26.Nd6 Kf8 27.Kf1 Be8 28.Ke2 Bd8 29.Kd3 f6
30.Nxe8 Kxe8 31.Ke4 Kd7 32.Bg8 h6 33.Kd5 Bc7 34.Be6+ Ke7 35.Bf5 Bd8 36.Kc6 a5
37.c3 Kf7 38.h5 Ke7 39.Bg4 Ke8 40.Bf5 Ke7 41.b4 Ke8 42.bxa5 bxa5 43.c4 Ke7
44.c5 Ke8 45.Kd6 Be7+ 46.Kc6 Bd8 47.Bg6+ Ke7 48.Be4 Ke6 49.Bd5+ Ke7 50.Bc4 f5
51.Bd3 f4 52.gxf4 exf4 53.Bf5 Kf6 54.Bg4 Ke7 55.Kd5 Bc7 56.Kc6 Kd8 57.Kd5 Ke7
58.Bf3 Bb8 59.Kc6 Kd8 60.Kb6 Bc7+ 61.Kb7 Be5 62.Bg4 Bc3 63.f3 Bd4 64.Kb6 Be3
65.Kc6 Bd4 66.Bf5 Be5 67.Bg4 Bc7 68.Kd5 Ke7 69.Kc6 Kd8 70.Kd5  1/2-1/2

[Event "1st WMSG Blitz Pair"]
[Site "Beijing CHN"]
[Date "2008.10.08"]
[Round "11"]
[White "Ni Hua"]
[Black "Matamoros Franco,C"]
[Result "0-1"]
[WhiteElo "2710"]
[BlackElo "2525"]

1.e4 d6 2.d4 Nf6 3.Nc3 e5 4.Nge2 Be7 5.g3 c6 6.a4 O-O 7.Bg2 a5 8.O-O Na6
9.h3 Nb4 10.Be3 exd4 11.Nxd4 d5 12.e5 Nd7 13.Bf4 Nc5 14.Re1 Ne6 15.Nce2 Nxf4
16.Nxf4 c5 17.Nb5 Bf5 18.Re2 d4 19.Bxb7 Bg5 20.Nd6 Bd7 21.Nd5 Bxh3 22.Nxb4 axb4
23.Qd3 Ra7 24.Be4 g6 25.b3 Be7 26.Nc4 Be6 27.f4 Qd7 28.Kh2 f5 29.exf6 Bxf6
30.Rae1 Bf7 31.Bf3 Kg7 32.Bg2 Qd8 33.Bh3 Re7 34.Be6 Rxe6 35.Rxe6 Bxe6 36.Rxe6 Re8
37.Qe4 Rxe6 38.Qxe6 d3 39.cxd3 Qxd3 40.Qe3 Qc2+ 41.Kh3 h5 42.a5 Qb1 43.Kg2 Bd4
44.Qe7+ Kh6 45.Ne5 Qg1+ 46.Kf3 Qe3+ 47.Kg2 Qf2+ 48.Kh3 Qf1+ 49.Kh2 Bg1+ 50.Kh1 Bf2+  0-1